[Event "Ladder Tournament #3 Large"]
[Site "SchemingMind.com"]
[Date "2007.01.31"]
[Round "-"]
[White "loco61"]
[Black "proedes"]
[Result "1-0"]
[WhiteCountry "ENG"]
[BlackCountry "BRA"]
[WhiteElo "1568"]
[WhiteRD "58"]
[BlackElo "1314"]
[BlackRD "209"]
[GameID "89593"]

1. e4 e5 2. Nf3 Nf6 3. Bc4 Nc6 4. Ng5 d5 5. exd5 Nxd5 6. d3 Be7 7. Nf3 Nf4 8. g3 Nh3 9. Be3 Bg4 10. Nbd2 Nd4
11. c3 Nxf3+ 12. Nxf3 Bxf3 13. Qxf3 O-O 14. Qxb7 Rb8 15. Qxa7 Rxb2 16. a4 Qb8 17. Qxb8 Rfxb8 18. Kf1 Bg5 19. Bc5 Rc2 20. Kg2 Nxf2
21. Bxf2 Be3 22. Rhf1 Rbb2 23. Kf3 Bxf2 24. Ke4 Rxc3 25. Rxf2 Rxf2 26. a5 Rxc4+ 27. dxc4 Rb2 28. a6 Rb8 29. a7
1-0

[Event "Ladder Tournament #3 Large"]
[Site "SchemingMind.com"]
[Date "2007.02.02"]
[Round "-"]
[White "TONYTODD11"]
[Black "Argeon"]
[Result "0-1"]
[WhiteCountry "ENG"]
[BlackCountry "BEL"]
[WhiteElo "1481"]
[WhiteRD "78"]
[BlackElo "1763"]
[BlackRD "81"]
[GameID "89594"]

1. e4 e6 2. d4 d5 3. exd5 exd5 4. Nc3 Bb4 5. Bd2 Nc6 6. Bb5 Ne7 7. Nf3 O-O 8. O-O Bg4 9. Be3 Nf5 10. Qd3 Bxf3
11. Qxf5 Bxc3 12. Qxf3 Bxb2 13. Rad1 Re8 14. Bxc6 bxc6 15. Qg3 Re4 16. c3 Qd6 17. f4 Bxc3 18. Rf3 Qb4 19. f5 Rxe3 20. Rxe3 Bxd4
21. Qe1 Qxe1+ 22. Rxe1 Re8 23. Kf2 Rxe3 24. Rxe3 Bxe3+ 25. Kxe3 c5 26. g4 Kf8 27. Kf4 c4 28. Ke3 c5 29. Kd2 d4 30. Kc2 Ke7
31. a4 Kf6 32. h4 Ke5 33. Kd2 Kf4 34. Kc2 Ke3
0-1

[Event "Ladder Tournament #3 Large"]
[Site "SchemingMind.com"]
[Date "2007.01.31"]
[Round "-"]
[White "proedes"]
[Black "loco61"]
[Result "0-1"]
[WhiteCountry "BRA"]
[BlackCountry "ENG"]
[WhiteElo "1314"]
[WhiteRD "209"]
[BlackElo "1568"]
[BlackRD "58"]
[GameID "89604"]

1. e4 e5 2. Nf3 Nc6 3. Nc3 Bc5 4. Bc4 h6 5. O-O d6 6. a3 Bg4 7. b4 Bd4 8. Ra2 Nf6 9. d3 Bxc3 10. h3 Bh5
11. Bb2 Bxb2 12. Rxb2 Nd4 13. g4 Nxf3+ 14. Qxf3 Bg6 15. c3 h5 16. g5 Nh7 17. h4 Qe7 18. d4 O-O 19. Rd1 Rfe8 20. Kf1 Nf8
21. d5 Nd7 22. Bb5 a6 23. Ba4 b5 24. Bb3 f6 25. gxf6 Nxf6 26. Bc2 Ng4 27. Ke2 Qxh4 28. Rh1 Qg5 29. Qg3 Rf8
0-1

[Event "Ladder Tournament #3 Large"]
[Site "SchemingMind.com"]
[Date "2007.02.03"]
[Round "-"]
[White "Argeon"]
[Black "TONYTODD11"]
[Result "1-0"]
[WhiteCountry "BEL"]
[BlackCountry "ENG"]
[WhiteElo "1763"]
[WhiteRD "81"]
[BlackElo "1481"]
[BlackRD "78"]
[GameID "89605"]

1. e4 e5 2. Bc4 Nf6 3. Nf3 d5 4. exd5 Qd6 5. Nc3 Bg4 6. O-O c6 7. Qe2 cxd5 8. Qxe5+ Be7 9. Nxd5 Bxf3 10. Nc7+ Kf8
11. Qxd6 Bxd6 12. Nxa8 Bc6 13. Be2 b6 14. Nxb6 axb6 15. d4 h5 16. a4 Ng4 17. h3 Nf6 18. a5 bxa5 19. Rxa5 Nd5 20. c4 Nf4
21. Bxf4 Bxf4 22. Rxh5 Rg8 23. d5 Be8 24. b4 f6 25. Rf5 Bd2 26. b5 Nd7 27. Rd1 Bg6 28. Rf3 Ba5 29. Ra3 Bc7 30. Ra7 Ne5
31. Rxc7 Nf7 32. Rc8+
1-0

[Event "Ladder Tournament #3 Large"]
[Site "SchemingMind.com"]
[Date "2007.02.08"]
[Round "-"]
[White "embuchador"]
[Black "rodk"]
[Result "1-0"]
[WhiteCountry "INT"]
[BlackCountry "USA"]
[WhiteElo "1855"]
[WhiteRD "145"]
[BlackElo "1571"]
[BlackRD "160"]
[GameID "90306"]

1. d4 Nf6 2. Nf3 e6 3. Bg5 c5 4. c3 Nc6 5. e4 cxd4 6. e5 Be7 7. exf6 Bxf6 8. Bxf6 Qxf6 9. Nxd4 O-O 10. Be2 b6
11. Bf3 Bb7 12. Nb5 d5 13. Nd6 Qe5+ 14. Ne4 dxe4 15. Be2 e3 16. O-O exf2+ 17. Rxf2 Rfd8 18. Qc2 f5 19. Nd2 Rd6 20. Nf3 Qe3
21. Re1 Qe4 22. Qxe4 fxe4 23. Ng5 Nd8 24. Ref1 g6 25. Bc4 Bd5 26. Rd1 Bxc4 27. Rxd6 Bxa2 28. Nxe4 Nf7 29. Rd7 Ne5 30. Nf6+ Kh8
31. Rxh7#
1-0

[Event "Ladder Tournament #3 Large"]
[Site "SchemingMind.com"]
[Date "2007.02.09"]
[Round "-"]
[White "rodk"]
[Black "embuchador"]
[Result "1/2-1/2"]
[WhiteCountry "USA"]
[BlackCountry "INT"]
[WhiteElo "1574"]
[WhiteRD "138"]
[BlackElo "1731"]
[BlackRD "120"]
[GameID "90309"]

1. d4 f5 2. c4 Nf6 3. Nc3 Nc6 4. e3 e6 5. Nf3 g6 6. Ne5 Nxe5 7. dxe5 Ng8 8. f4 Qh4+ 9. g3 Qd8 10. Bg2 d6
11. exd6 cxd6 12. b3 a6 13. Bb2 Bg7 14. O-O Nf6 15. Qc2 Ng4 16. Rfe1 Rb8 17. h3 Nf6 18. Rad1 O-O 19. e4 Nh5 20. Qf2 b6
21. e5 Rf7 22. Rxd6 Rd7 23. Rxd7 Qxd7 24. g4 Nxf4 25. Qxf4 b5 26. cxb5 axb5 27. b4 Bf8 28. a3 Bb7 29. Qf1 fxg4 30. hxg4 Qd4+
31. Kh2 Qxg4 32. Bxb7 Rxb7 33. Qg2 Qh4+ 34. Qh3 Qxe1 35. Qxe6+ Rf7 36. Kh3 Qd2 37. Qb3 Kg7 38. Ne4 Qh6+ 39. Kg2 Be7 40. e6+ Rf6
41. Nxf6 Qg5+ 42. Kh1 Bxf6 43. Bxf6+ Qxf6 44. Qd5=
1/2-1/2

[Event "Ladder Tournament #3 Large"]
[Site "SchemingMind.com"]
[Date "2007.02.05"]
[Round "-"]
[White "tacticrules"]
[Black "GM Hector Walsh"]
[Result "0-1"]
[WhiteCountry "GER"]
[BlackCountry "ARG"]
[WhiteElo "1554"]
[WhiteRD "51"]
[BlackElo "2511"]
[BlackRD "136"]
[GameID "90390"]

1. e4 c5 2. Nf3 d6 3. d4 cxd4 4. Nxd4 Nf6 5. Nc3 Nc6 6. Be3 e6 7. Be2 Be7 8. O-O a6 9. a4 O-O 10. f4 Qc7
11. Qe1 Bd7 12. Qg3 Rac8 13. f5 Nxd4 14. Bxd4 e5 15. Be3 Rfe8 16. Rad1 Bxa4 17. Bd3 Bc6 18. Bg5 Qb6+ 19. Kh1 Qxb2 20. Nd5 Bxd5
21. exd5 e4 22. Bxf6 Bxf6 23. Be2 b5 24. Qxd6 Rxc2 25. Rfe1 Rxe2 26. Rb1 Rxe1+ 27. Rxe1 e3
0-1

[Event "Ladder Tournament #3 Large"]
[Site "SchemingMind.com"]
[Date "2007.02.05"]
[Round "-"]
[White "Americanus illinoisus"]
[Black "occult"]
[Result "1-0"]
[WhiteCountry "USA"]
[BlackCountry "ROU"]
[WhiteElo "1732"]
[WhiteRD "227"]
[BlackElo "1304"]
[BlackRD "202"]
[GameID "90391"]

1. d4 d5 2. c4 c6 3. Nc3 Nf6 4. Bf4 e6 5. e3 Bd6 6. Bxd6 Qxd6 7. Nf3 O-O 8. cxd5 exd5 9. Bd3 Bg4 10. O-O Bh5
11. h3 Nbd7 12. Be2 h6 13. Rc1 Ne4 14. Na4 b5 15. Nc3 Ndf6 16. a3 a6 17. b4 Nxc3 18. Rxc3 Ne4 19. Rc2 a5 20. Ne5 Bxe2
21. Qxe2 Rfc8 22. Rfc1 Ra6 23. f3 Ng3 24. Qe1 Nf5 25. bxa5 Qxa3 26. Nxc6 Kh7 27. Rc3 Qd6 28. Ne5 Rxc3 29. Qxc3 f6 30. Qd3 g6
31. e4 Ne7 32. Ng4 h5 33. e5 fxe5 34. dxe5 Qb8 35. Nf6+ Kg7 36. f4 Qb7 37. Ne8+ Kh7 38. Rc7
1-0

[Event "Ladder Tournament #3 Large"]
[Site "SchemingMind.com"]
[Date "2007.02.05"]
[Round "-"]
[White "GM Hector Walsh"]
[Black "tacticrules"]
[Result "1-0"]
[WhiteCountry "ARG"]
[BlackCountry "GER"]
[WhiteElo "2511"]
[WhiteRD "136"]
[BlackElo "1554"]
[BlackRD "51"]
[GameID "90393"]

1. e4 c5 2. Nf3 Nc6 3. Nc3 g6 4. d4 cxd4 5. Nxd4 Bg7 6. Be3 Nf6 7. Bc4 O-O 8. Bb3 d6 9. f3 Na5 10. Qd2 Nxb3
11. axb3 Bd7 12. Bh6 Bc6 13. h4 Qb6 14. Bxg7 Kxg7 15. h5 Nxh5 16. g4 Nf6 17. Qh6+ Kg8 18. O-O-O Rfc8 19. g5 Nh5 20. Rxh5 gxh5
21. Nf5
1-0

[Event "Ladder Tournament #3 Large"]
[Site "SchemingMind.com"]
[Date "2007.02.06"]
[Round "-"]
[White "occult"]
[Black "Americanus illinoisus"]
[Result "0-1"]
[WhiteCountry "ROU"]
[BlackCountry "USA"]
[WhiteElo "1338"]
[WhiteRD "292"]
[BlackElo "1693"]
[BlackRD "241"]
[GameID "90394"]

1. e4 e5 2. Nf3 Nc6 3. Bb5 a6 4. Bxc6 dxc6 5. d4 exd4 6. Qxd4 Qxd4 7. Nxd4 Nf6 8. e5 Nd5 9. O-O Bc5 10. c3 O-O
11. Re1 Re8 12. Nf3 f6 13. h3 fxe5 14. Rxe5 Rxe5 15. Nxe5 Bf5 16. Bf4 Nxf4 17. Nd2 Nd3 18. Nxd3 Bxd3 19. Re1 Kf7 20. b4 Bd6
21. Nb3 Re8 22. Rxe8 Kxe8 23. Nd2 Be5 24. c4 Bc3
0-1

[Event "Ladder Tournament #3 Large"]
[Site "SchemingMind.com"]
[Date "2007.02.07"]
[Round "-"]
[White "Mrexpensive7"]
[Black "griffimv"]
[Result "0-1"]
[WhiteCountry "ECU"]
[BlackCountry "INT"]
[WhiteElo "1863"]
[WhiteRD "183"]
[BlackElo "2341"]
[BlackRD "79"]
[GameID "90656"]

1. e4 d6 2. d4 Nf6 3. Nc3 g6 4. Nf3 Bg7 5. Bc4 O-O 6. Bg5 Nxe4 7. Bxf7+ Rxf7 8. Nxe4 d5 9. Ned2 c5 10. c3 cxd4
11. Nxd4 Nc6 12. N2b3 Qb6 13. Be3 e5 14. Ne2 Qb5 15. O-O Bg4 16. f3 Bf5 17. Rf2 b6 18. Ng3 Be6 19. a4 Qc4 20. Rd2 d4
21. cxd4 Qxb3 22. Qxb3 Bxb3 23. d5 Nd4 24. Ne4 Bxd5 25. Ng5 Rc7 26. f4 Rd8
0-1

[Event "Ladder Tournament #3 Large"]
[Site "SchemingMind.com"]
[Date "2007.02.07"]
[Round "-"]
[White "Piotr Król"]
[Black "gz4bkn"]
[Result "1-0"]
[WhiteCountry "POL"]
[BlackCountry "USA"]
[WhiteElo "2082"]
[WhiteRD "149"]
[BlackElo "1436"]
[BlackRD "102"]
[GameID "90657"]

1. d4 Nf6 2. Bg5 d5 3. Bxf6 gxf6 4. e3 Nc6 5. c4 e6 6. Nc3 Bb4 7. Qc2 Na5 8. cxd5 Qxd5 9. a3 Bxc3+ 10. Qxc3 Nc6
11. Nf3 b6 12. Bc4 Qh5 13. Bxe6 Bd7 14. Bxd7+ Kxd7 15. Rc1 Qa5 16. Qxa5 Nxa5 17. O-O Nb3 18. Rc3 Na5 19. Rfc1 Rac8 20. b4
1-0

[Event "Ladder Tournament #3 Large"]
[Site "SchemingMind.com"]
[Date "2007.02.06"]
[Round "-"]
[White "griffimv"]
[Black "Mrexpensive7"]
[Result "1-0"]
[WhiteCountry "INT"]
[BlackCountry "ECU"]
[WhiteElo "2341"]
[WhiteRD "79"]
[BlackElo "1863"]
[BlackRD "183"]
[GameID "90663"]

1. e4 c5 2. c3 d5 3. exd5 Qxd5 4. d4 Nf6 5. Nf3 Bg4 6. Be2 e6 7. h3 Bh5 8. O-O cxd4 9. cxd4 Bb4 10. a3 Ba5
11. Nc3 Qd6 12. Nb5 Qe7 13. Bf4 Nc6 14. Nd6+ Kf8 15. Ne5 Bxe2 16. Qxe2 Nd5 17. Bh2 Nxe5 18. dxe5 Rd8 19. Rac1 g6 20. Rfd1 Kg7
21. Qc4 Bb6 22. Bg3 Rd7 23. Bh4 g5 24. Qg4 h6 25. Rxd5 Kf8 26. Nc8 Rxd5 27. Nxe7 Kxe7 28. Bg3 Rhd8 29. Qh5 Rd2 30. Qxh6 Rg8
31. Qf6+
1-0

[Event "Ladder Tournament #3 Large"]
[Site "SchemingMind.com"]
[Date "2007.02.07"]
[Round "-"]
[White "gz4bkn"]
[Black "Piotr Król"]
[Result "0-1"]
[WhiteCountry "USA"]
[BlackCountry "POL"]
[WhiteElo "1476"]
[WhiteRD "101"]
[BlackElo "2060"]
[BlackRD "154"]
[GameID "90664"]

1. e4 e6 2. d4 d5 3. e5 c5 4. c3 Nc6 5. Nf3 Qb6 6. Be3 Qxb2 7. Qb3 Qxa1 8. Bb5 a6 9. Bxc6+ bxc6 10. O-O c4
11. Qb6 Bd7 12. Qb7 Rc8 13. Qxa6 Qb2 14. Qa5 Be7 15. Nbd2 Bd8 16. Rb1 Qxb1+
0-1

[Event "Ladder Tournament #3 Large"]
[Site "SchemingMind.com"]
[Date "2007.02.07"]
[Round "-"]
[White "remisschieber"]
[Black "russellhead"]
[Result "1-0"]
[WhiteCountry "GER"]
[BlackCountry "USA"]
[WhiteElo "1800"]
[WhiteRD "95"]
[BlackElo "1509"]
[BlackRD "63"]
[GameID "90899"]

1. e4 c5 2. Nf3 e6 3. d4 cxd4 4. Nxd4 Nf6 5. Nc3 Nc6 6. Be3 Bb4 7. Nb5 Nxe4 8. Bd2 d5 9. Nxe4 dxe4 10. Bxb4 Nxb4
11. Qxd8+ Kxd8 12. O-O-O+ Bd7 13. a3 Nc6 14. Nd6 f5 15. Nf7+ Kc7 16. Nxh8 Rxh8 17. Bb5 g5 18. Rd2 a6 19. Rhd1 Rd8 20. Bxc6 bxc6
21. c4 c5 22. b4 f4 23. bxc5 Ba4 24. Rxd8 Bxd1 25. Rxd1 g4 26. Rd4 g3 27. hxg3 fxg3 28. fxg3
1-0

[Event "Ladder Tournament #3 Large"]
[Site "SchemingMind.com"]
[Date "2007.02.08"]
[Round "-"]
[White "spoke"]
[Black "jtrochez1"]
[Result "1/2-1/2"]
[WhiteCountry "GER"]
[BlackCountry "HON"]
[WhiteElo "1720"]
[WhiteRD "56"]
[BlackElo "1511"]
[BlackRD "47"]
[GameID "91063"]

1. e4 e5 2. Nf3 Nc6 3. Bc4 Be7 4. d4 d6 5. dxe5 dxe5 6. O-O Qxd1 7. Rxd1 Bg4 8. Be2 Bxf3 9. Bxf3 Nf6 10. Be3 O-O
11. c4 Rad8 12. Nc3 a6 13. Nd5 Nxd5 14. cxd5 Nb8 15. Rac1 Bd6 16. a3 Nd7 17. b4 b6 18. Be2 Nb8 19. b5 a5 20. a4 Nd7
21. g3 Nc5 22. Rc4 f5 23. exf5 Rxf5 24. Bd3 Nxd3 25. Rxd3=
1/2-1/2

[Event "Ladder Tournament #3 Large"]
[Site "SchemingMind.com"]
[Date "2007.02.08"]
[Round "-"]
[White "fishofchaos"]
[Black "ekulrac"]
[Result "0-1"]
[WhiteCountry "ENG"]
[BlackCountry "SCO"]
[WhiteElo "1630"]
[WhiteRD "60"]
[BlackElo "1712"]
[BlackRD "49"]
[GameID "91065"]

1. d4 d5 2. c4 e6 3. Nc3 f5 4. Nf3 Nf6 5. Bf4 c6 6. e3 Be7 7. Bd3 O-O 8. O-O Ne4 9. Nd2 Nxd2 10. Qxd2 Bg5
11. Bxg5 Qxg5 12. f4 Qe7 13. a3 Nd7 14. b4 Nf6 15. b5 Ne4 16. Nxe4 fxe4 17. Be2 Bd7 18. bxc6 bxc6 19. c5 Rab8 20. Rab1 Rfd8
21. Rb4 a5 22. Rb2 a4 23. Rfb1 Rxb2 24. Rxb2 Be8 25. Rb4 Ra8 26. Qb2 Qc7 27. Rb7 Qa5 28. Kf2 Qd8 29. Bd1 Qh4+ 30. Kf1 Qxh2
31. Rb8 Rxb8 32. Qxb8 Kf7 33. Qc7+ Kg6 34. Bxa4 Qh1+ 35. Kf2 Qh4+ 36. Ke2 Qg3 37. Bxc6 Qxg2+ 38. Ke1 Qg1+ 39. Ke2 Qg2+ 40. Ke1 Qg3+
41. Ke2 Qf3+ 42. Kd2 Qf2+ 43. Kd1 Bf7 44. Qe5 h6 45. Bd7 Qf1+ 46. Kd2 Qd3+ 47. Ke1 Qxe3+ 48. Kd1 Qd3+ 49. Ke1 e3 50. c6 Qd2+
51. Kf1 Qf2#
0-1

[Event "Ladder Tournament #3 Large"]
[Site "SchemingMind.com"]
[Date "2007.02.08"]
[Round "-"]
[White "Alessandro Dotti Contra"]
[Black "Chesster"]
[Result "0-1"]
[WhiteCountry "ITA"]
[BlackCountry "USA"]
[WhiteElo "1392"]
[WhiteRD "70"]
[BlackElo "1541"]
[BlackRD "100"]
[GameID "91066"]

1. e4 e6 2. Nf3 Nf6 3. Nc3 Bb4 4. Bb5 O-O 5. O-O c6 6. Ba4 b5 7. Bb3 Bxc3 8. bxc3 d5 9. Ba3 Re8 10. Ne5 Nxe4
11. Qe2 Qg5 12. Nf3 Qf6 13. Qe3 Nd7 14. Bd6 Nxd6 15. d3 Nf5 16. Qf4 Qxc3 17. Rab1 Nc5 18. h3 Nxb3 19. axb3 Qxc2 20. d4 h6
21. b4 g5 22. Nxg5 hxg5 23. Qxg5+ Ng7 24. h4 Qc3 25. Rfd1 e5 26. Qf6 exd4 27. Rdc1 Re6 28. Qd8+ Re8 29. Qg5 Qd3 30. Rxc6 Bb7
31. Rcc1 Bc8 32. Qxd5 Bf5 33. Qa2 Re2 34. Kf1 Rxa2+ 35. Kg1 Qe2 36. Re1 Qd3 37. Rbc1 Re2 38. Kh2 Rxf2 39. Kg1 Qg3 40. Kh1 Qxg2#
0-1

[Event "Ladder Tournament #3 Large"]
[Site "SchemingMind.com"]
[Date "2007.02.09"]
[Round "-"]
[White "jtrochez1"]
[Black "spoke"]
[Result "0-1"]
[WhiteCountry "HON"]
[BlackCountry "GER"]
[WhiteElo "1511"]
[WhiteRD "47"]
[BlackElo "1720"]
[BlackRD "56"]
[GameID "91083"]

1. e4 e5 2. Bc4 Nf6 3. d3 Bc5 4. Bg5 Nc6 5. Nf3 h6 6. Bxf6 Qxf6 7. Qe2 d6 8. h3 Be6 9. Bxe6 fxe6 10. c3 O-O
11. Nbd2 b5 12. a3 a5 13. O-O Ne7 14. b4 axb4 15. cxb4 Bb6 16. Nb3 Ng6 17. Kh1 Nf4 18. Qc2 Qg6 19. Rg1 d5 20. Nxe5 Qh5
21. Rgf1 Nxh3 22. gxh3 Qxh3+ 23. Kg1 Qg3+ 24. Kh1 Rxf2 25. Rxf2 Bxf2 26. Qxf2 Qxf2 27. Nc5 Qb2 28. Rf1 Qxe5 29. Nd7 Qh5+ 30. Kg1 Qg4+
31. Kf2 Rxa3 32. Nc5 Qf4+ 33. Kg1 Qg3+ 34. Kh1 Ra2 35. Rf8+ Kh7 36. Rh8+ Kxh8
0-1

[Event "Ladder Tournament #3 Large"]
[Site "SchemingMind.com"]
[Date "2007.02.08"]
[Round "-"]
[White "ekulrac"]
[Black "fishofchaos"]
[Result "1-0"]
[WhiteCountry "SCO"]
[BlackCountry "ENG"]
[WhiteElo "1712"]
[WhiteRD "49"]
[BlackElo "1630"]
[BlackRD "60"]
[GameID "91085"]

1. e4 c5 2. Nf3 e6 3. d4 cxd4 4. Nxd4 Nc6 5. Nc3 Qc7 6. g3 a6 7. Bg2 d6 8. O-O Bd7 9. Be3 Nf6 10. Rb1 Be7
11. f4 e5 12. Nde2 O-O 13. f5 g6 14. Nd5 Nxd5 15. exd5 Na5 16. f6 Bd8 17. Qc1 Bb5 18. Bh6 Re8 19. Bg7 Bxe2 20. Qh6 Bxf1
21. Bh8
1-0

[Event "Ladder Tournament #3 Large"]
[Site "SchemingMind.com"]
[Date "2007.02.08"]
[Round "-"]
[White "Chesster"]
[Black "Alessandro Dotti Contra"]
[Result "1-0"]
[WhiteCountry "USA"]
[BlackCountry "ITA"]
[WhiteElo "1557"]
[WhiteRD "102"]
[BlackElo "1347"]
[BlackRD "68"]
[GameID "91086"]

1. e4 e5 2. Nf3 Nc6 3. Bb5 f6 4. O-O a6 5. Bxc6 bxc6 6. b3 d5 7. exd5 cxd5 8. d4 Bg4 9. h3 Bh5 10. g4 Bg6
11. Nc3 Bb4 12. Bd2 Ne7 13. Nxd5 Nxd5 14. Bxb4 Nxb4 15. dxe5 Bxc2 16. Qxd8+ Rxd8 17. exf6 gxf6 18. Rfe1+ Kf7 19. Rac1 Nd3 20. Rxc2 Nxe1
21. Nxe1 Rc8 22. Rc6 a5 23. Ra6 Kg6 24. Rxa5 c5 25. Nd3 h5 26. Nxc5 hxg4 27. hxg4 Kg5 28. f3 Kh4 29. Kf2 Kh3 30. b4 Rcd8
31. Ne4 Rdf8 32. b5 f5 33. gxf5 Rxf5 34. a4 Rhf8 35. Nd2 Rg8 36. Ra7 Rg2+ 37. Ke3 Re5+ 38. Kf4 Rge2 39. b6 Rh5 40. b7 Rh4+
41. Kf5 Rh5+ 42. Kg6 Kh4 43. b8=Q Re6+ 44. Kf7 Rhh6 45. Qf4+ Kh3 46. Qg4+ Kh2 47. Qxe6 Rxe6 48. Kxe6
1-0

[Event "Ladder Tournament #3 Large"]
[Site "SchemingMind.com"]
[Date "2007.02.09"]
[Round "-"]
[White "lea_dc"]
[Black "KaliYuga"]
[Result "0-1"]
[WhiteCountry "ARG"]
[BlackCountry "IRL"]
[WhiteElo "1674"]
[WhiteRD "88"]
[BlackElo "1929"]
[BlackRD "69"]
[GameID "91295"]

1. e4 c5 2. Nf3 d6 3. d4 cxd4 4. Nxd4 Nf6 5. Nc3 g6 6. Be2 Bg7 7. f3 Nc6 8. Be3 O-O 9. Qd2 d5 10. exd5 Nxd5
11. Nxd5 Qxd5 12. O-O-O Qxa2 13. c3 Nxd4 14. Bxd4 Bf5 15. Bd3 Bxd4 16. cxd4 Rac8+
0-1

[Event "Ladder Tournament #3 Large"]
[Site "SchemingMind.com"]
[Date "2007.02.10"]
[Round "-"]
[White "mart_r3000"]
[Black "doodledandy"]
[Result "0-1"]
[WhiteCountry "ENG"]
[BlackCountry "CAN"]
[WhiteElo "1361"]
[WhiteRD "56"]
[BlackElo "2466"]
[BlackRD "80"]
[GameID "91296"]

1. e4 c5 2. Bc4 e6 3. e5 f6 4. Nf3 Nc6 5. O-O fxe5 6. Re1 e4 7. Rxe4 d5 8. Bxd5 Qxd5 9. d3 Nf6 10. c4 Qd8
11. Re2 Be7 12. Nc3 O-O 13. Ng5 Nd4 14. Re1 h6 15. Nf3 Ng4 16. Qd2 Rxf3 17. Qd1 Bd6 18. Ne4 Qh4 19. h3 Rxh3 20. gxh3 Qxh3
21. Qxg4 Qxg4+ 22. Ng3 Bxg3 23. Re4 Bf4+ 24. Kf1 Qh3+
0-1

[Event "Ladder Tournament #3 Large"]
[Site "SchemingMind.com"]
[Date "2007.02.11"]
[Round "-"]
[White "egis"]
[Black "aston294"]
[Result "1-0"]
[WhiteCountry "LTU"]
[BlackCountry "ENG"]
[WhiteElo "1944"]
[WhiteRD "86"]
[BlackElo "970"]
[BlackRD "65"]
[GameID "91297"]

1. e4 e5 2. Nf3 Nc6 3. d4 Nf6 4. dxe5 Nxe4 5. Qd5 f5 6. Be2 Bb4+ 7. Bd2 Nxd2 8. Nbxd2 d6 9. c3 Ba5 10. Nb3 g6
11. O-O Ne7 12. Qxa5 b6 13. Qb5+ c6 14. Qc4 Qd7 15. exd6 Qxd6 16. Rad1 Qc5 17. Nxc5 bxc5 18. Ne5 Rb8 19. Qf7#
1-0

[Event "Ladder Tournament #3 Large"]
[Site "SchemingMind.com"]
[Date "2007.02.09"]
[Round "-"]
[White "KaliYuga"]
[Black "lea_dc"]
[Result "0-1"]
[WhiteCountry "IRL"]
[BlackCountry "ARG"]
[WhiteElo "1894"]
[WhiteRD "66"]
[BlackElo "1708"]
[BlackRD "84"]
[GameID "91302"]

1. d4 d5 2. c4 e6 3. Nc3 Nf6 4. cxd5 exd5 5. Bg5 Nbd7 6. e3 c6 7. Bd3 Be7 8. Qc2 O-O 9. O-O-O h6 10. Bh4 Re8
11. f4 Ng4 12. Bf2 Bd6 13. Re1 Ndf6 14. h3 Nxf2 15. Qxf2 Qa5 16. a3 Bxa3 17. bxa3 Qxc3+ 18. Bc2 Qxa3+ 19. Kb1 Ne4 20. Bxe4 dxe4
21. Qb2 Qd3+ 22. Qc2 Qb5+ 23. Qb2 Qa5 24. Ne2 b6 25. Rc1 Bd7 26. Rc3 Rac8 27. Rhc1 Rc7 28. Ra3 Qh5 29. Nc3 Rec8 30. Qc2 Qg6
31. g4 Qd6 32. Kb2 c5 33. Nxe4 Qe7 34. d5 Rb7 35. d6 Qe6 36. Rd1 Bc6 37. Ng3 Rd8 38. Rad3 Rbd7
0-1

[Event "Ladder Tournament #3 Large"]
[Site "SchemingMind.com"]
[Date "2007.02.09"]
[Round "-"]
[White "doodledandy"]
[Black "mart_r3000"]
[Result "1-0"]
[WhiteCountry "CAN"]
[BlackCountry "ENG"]
[WhiteElo "2466"]
[WhiteRD "83"]
[BlackElo "1354"]
[BlackRD "54"]
[GameID "91303"]

1. e4 e5 2. Nf3 Nc6 3. Bb5 a6 4. Bxc6 dxc6 5. O-O Bd6 6. d3 h6 7. d4 f6 8. dxe5 fxe5 9. Nxe5 Nf6 10. Ng6 Rg8
11. e5 Bc5 12. Qxd8+ Kxd8 13. exf6 gxf6 14. Nh4 Be7 15. Re1 Rg4 16. g3 Rg7 17. Bxh6 Rh7 18. Bf4 Rh5 19. Bxc7+ Ke8 20. Ng6 Rh7
21. Bd6 Kf7 22. Nxe7 Be6 23. Nc3 Rah8 24. h4 Rg7 25. Ne4 Rxh4 26. Nc5 Rgh7 27. gxh4 Bg4 28. Nxb7 Rxh4 29. Nd8+ Kg7 30. Re4 Kh6
31. f3 Kh5 32. fxg4+ Rxg4+ 33. Rxg4 Kxg4 34. Rf1
1-0

[Event "Ladder Tournament #3 Large"]
[Site "SchemingMind.com"]
[Date "2007.02.10"]
[Round "-"]
[White "aston294"]
[Black "egis"]
[Result "0-1"]
[WhiteCountry "ENG"]
[BlackCountry "LTU"]
[WhiteElo "970"]
[WhiteRD "65"]
[BlackElo "1944"]
[BlackRD "86"]
[GameID "91304"]

1. e4 e6 2. Nf3 Nf6 3. Nc3 d5 4. exd5 exd5 5. Bb5+ c6 6. Bd3 Be7 7. O-O O-O 8. Ng5 h6 9. Nf3 Nbd7 10. Bf5 b5
11. Ne4 dxe4 12. Bxe4 Nxe4 13. d3 Nec5 14. b4 Na4 15. Nd4 Bxb4 16. Nxc6 Qf6 17. Rb1 Nc3 18. Rb3 Nxd1 19. Rxd1 Bc5 20. Rxb5 Qxf2+
0-1

[Event "Ladder Tournament #3 Large"]
[Site "SchemingMind.com"]
[Date "2007.03.16"]
[Round "-"]
[White "remisschieber"]
[Black "jnable"]
[Result "0-1"]
[WhiteCountry "GER"]
[BlackCountry "PHI"]
[WhiteElo "1782"]
[WhiteRD "94"]
[BlackElo "1789"]
[BlackRD "164"]
[GameID "96470"]

1. e4 e6 2. d4 d5 3. exd5 exd5 4. Nf3 Be7 5. Bd3 Nf6 6. O-O Bg4 7. h3 Bh5 8. c3 O-O 9. Bf4 Bd6 10. Be5 Nc6
11. Re1 Re8 12. Bxd6 Qxd6 13. Nbd2 Qf4 14. Qc2 Bg6 15. a4 Bxd3 16. Qxd3 a6 17. b4 Ne4 18. Nxe4 dxe4 19. Qe2 Rad8 20. b5 Kf8
21. Nd2 Nb8 22. Nxe4 f5 23. g3 Qxe4 24. Qd2 Qd5 25. Qg5 Qf7 26. h4 h6 27. Qf4 c6 28. b6 Nd7 29. Qc7 Nf6 30. Rxe8+ Rxe8
31. Qd6+ Qe7 32. Qf4 Qe4 33. Qd6+ Re7 34. a5 Ng4 35. c4 Qe6 36. Qb8+ Kf7 37. c5 Qe2 38. Qf4 Qe4 39. Qd6 Nf6 40. Rd1 Nd5
41. Qb8 Qe2
0-1

[Event "Ladder Tournament #3 Large"]
[Site "SchemingMind.com"]
[Date "2007.03.15"]
[Round "-"]
[White "jnable"]
[Black "remisschieber"]
[Result "1-0"]
[WhiteCountry "PHI"]
[BlackCountry "GER"]
[WhiteElo "1724"]
[WhiteRD "189"]
[BlackElo "1765"]
[BlackRD "97"]
[GameID "96475"]

1. e4 e5 2. f4 d5 3. exd5 Qxd5 4. Nc3 Qa5 5. d4 Bb4 6. dxe5 Bxc3+ 7. bxc3 Qxc3+ 8. Bd2 Qd4 9. Bd3 Ne7 10. Nf3 Qd8
11. Ng5 h6 12. Ne4 O-O 13. O-O Nbc6 14. Qh5 Ng6 15. f5 Ngxe5 16. f6 Nxd3 17. cxd3 Qd4+ 18. Kh1 Be6 19. fxg7 Qxg7 20. Bxh6 Bg4
21. Nf6+ Qxf6 22. Qxg4+ Qg6 23. Qxg6+ fxg6 24. Bxf8 Rxf8 25. Rxf8+ Kxf8 26. Rc1 Ke7 27. h4 Kd6 28. Rf1 Kd5 29. g4 Ne5 30. h5 gxh5
31. gxh5 Ng4 32. Rg1 Nf2+ 33. Kh2 Nxd3 34. h6
1-0

[Event "Ladder Tournament #3 Large"]
[Site "SchemingMind.com"]
[Date "2007.04.10"]
[Round "-"]
[White "Argeon"]
[Black "spoke"]
[Result "1-0"]
[WhiteCountry "BEL"]
[BlackCountry "GER"]
[WhiteElo "1936"]
[WhiteRD "75"]
[BlackElo "1726"]
[BlackRD "63"]
[GameID "99979"]

1. d4 d5 2. c4 e6 3. g3 Nf6 4. Nf3 c5 5. Bg2 Nc6 6. O-O Be7 7. cxd5 Nxd5 8. e4 Nb6 9. dxc5 Qxd1 10. Rxd1 Bxc5
11. Nc3 O-O 12. Bf4 f6 13. Bd2 e5 14. Nd5 Bg4 15. h3 Bh5 16. Nc7 Nd4 17. Nxa8 Nxf3+ 18. Bxf3 Bxf3 19. Rdc1 Bd4 20. Nxb6 axb6
21. Bc3 Bxe4 22. Bxd4 exd4 23. Rc4
1-0